zpět

Detail výsledku týmu

Sokec, Šlapanice

Datum a čas kvízu

16.5 Celkem bodů Celkový počet nahraných bodů na tomto kvízu bez doplňovacích otázek.
3. Pořadí na kvízu Konečné umístění týmu na tomto kvízu.

Zaznamenané odpovědi

# Otázka Odpověď Body Výsledky
1. O tom, že Tomáš Tuhý míří do B... 0
2. Sobotní protesty proti zvyšová... 0
3. Nehmotné dědictví UNESCO bylo... 1
4. Detroitští fanoušci hokeje se... 0
5. Počet neproměněných penalt + p... 1
6. Čertů se v kultuře, zeměpisnýc... 0
7. Napište název pohádky z roku 2... 1
8. Tenkrát bylo veselo a dost mál... 0
9. Na obrázku vidíme znak pražské... 0
10. Jak se nazývá nejnovější česká... 0